UM Logo

An improve hybrid DC circuit breaker with self-adaptive fault current limiting capability / (Record no. 19114)

MARC details
000 -LEADER
fixed length control field 01077nam a22002417a 4500
003 - CONTROL NUMBER IDENTIFIER
control field OSt
005 - DATE AND TIME OF LATEST TRANSACTION
control field 20250912182756.0
008 - FIXED-LENGTH DATA ELEMENTS--GENERAL INFORMATION
fixed length control field 240213b ||||| |||| 00| 0 eng d
040 ## - CATALOGING SOURCE
Transcribing agency 0
082 ## - DEWEY DECIMAL CLASSIFICATION NUMBER
Classification number DPer 621.381 In821 April 2022 v. 37 n. 4
100 ## - MAIN ENTRY--PERSONAL NAME
Personal name Lyu, Huijie.
Relator term author.
9 (RLIN) 52229
245 ## - TITLE STATEMENT
Title An improve hybrid DC circuit breaker with self-adaptive fault current limiting capability /
Statement of responsibility, etc. Huijie Lyu, Jiawei He, Ye Li, Daniel Westerman Spier, Eduardo Prieto-Araujo, Oriol Gomis-Bellmunt.
260 ## - PUBLICATION, DISTRIBUTION, ETC. (IMPRINT)
Place of publication, distribution, etc. New York ;
Name of publisher, distributor, etc. The Institute of Electrical and Electronics Engineers, Inc. ,
Date of publication, distribution, etc. April 2022.
300 ## - PHYSICAL DESCRIPTION
Extent Volume 37, pages 4730-4741 :
Other physical details illustration ;
Dimensions 28 cm.
500 ## - GENERAL NOTE
General note IEEE Transaction on Power Electronics, vol. 37, no. 4, pages 4730-4741, April 2022.
700 ## - ADDED ENTRY--PERSONAL NAME
Personal name Lyu, Huijie.
Relator term author.
9 (RLIN) 52229
700 ## - ADDED ENTRY--PERSONAL NAME
Personal name He, Jiawei.
Relator term author.
9 (RLIN) 52230
700 ## - ADDED ENTRY--PERSONAL NAME
Personal name Li, Ye.
Relator term author.
9 (RLIN) 52231
700 ## - ADDED ENTRY--PERSONAL NAME
Personal name Spier, Daniel Westerman.
Relator term author.
9 (RLIN) 52232
700 ## - ADDED ENTRY--PERSONAL NAME
Personal name Prieto-Araujo, Eduardo.
Relator term author.
9 (RLIN) 52233
700 ## - ADDED ENTRY--PERSONAL NAME
Personal name Gomis-Bellmunt, Oriol.
Relator term author.
9 (RLIN) 52234
942 ## - ADDED ENTRY ELEMENTS (KOHA)
Source of classification or shelving scheme Dewey Decimal Classification
Koha item type Periodicals
Holdings
Withdrawn status Lost status Source of classification or shelving scheme Damaged status Not for loan Collection code Home library Current library Date acquired Total Checkouts Full call number Date last seen Price effective from Koha item type Public note
    Dewey Decimal Classification     Periodicals UM Digos College - LIC UM Digos College - LIC 02/13/2024   DPer 621.381 In821 April 2022 v. 37 n. 4 02/13/2024 02/13/2024 Periodicals Periodical Article